000 00947cam a22003137a 4500
003 CHAP
005 20220329142920.0
008 050217d1998 cr r 00110 spa d
010 _a89596
011 _a90568
020 _a996831000X
035 _a101124
040 _cCHAP
082 0 4 _a371.3 O8
100 0 0 _aOrdoñez Peñalonzo, Jacinto.
_983437
245 1 0 _aIntroducción a la pedagogía
_c/por Jacinto Ordoñez Peñalonzo
260 _aSan José, Costa Rica :
_bUniversidad Estatal a Distancia,
_c1998.
300 _a177 p.
500 _aFotocopias
590 _aBATCH-UPD
_b10
_c20130110
_lUCH01
_h0659
590 _aBATCH-UPD
_b10
_c20130410
_lUCH01
_h0344
590 _aBATCH-UPD
_b10
_c20130914
_lUCH01
_h1309
590 _aCONVERSION
_b10
_c20130109
_lUCH01
_h1350
650 1 4 _aEnseñanza.
_937085
901 _aBK
905 _aLilia
942 _cLIBRO
949 _a371.3 O8
_bBC
_cLIBRO
_d33724002013892
_eLIBRO
_h105054
_i101124
_si
999 _c89596
_d89596